Readings in population biology / (Registro nro. 4829)

Detalles MARC
000 -CABECERA
Campo de control 00794cam a2200229 i 4500
005 - FECHA Y HORA DE LA ULTIMA TRANSACCION
Campo de control 20180803165225.0
008 - ELEMENTOS DE LONGITUD FIJA—INFORMACION GENERAL
Campo de control 710615s1971 njuab b 000 0 eng
020 ## - ISBN
ISBN 0137594151
040 ## - FUENTE DE CATALOGACIÓN
Agencia catalogadora original DLC
Agencia transcriptora DLC
Agencia Modificadora DLC
-- CO-BoIAVH
041 ## - IDIOMA
Código de idioma para texto/pista de sonido o título separado Inglés
082 04 - NUMERO DE CLASIFICACION DECIMAL DEWEY
Número de clasificación 577.88
Número del ítem R28r
245 10 - MENCION DE TITULO
Título Readings in population biology /
Mención de responsabilidad Editors: Peter S. Dawson [and] Charles E. King.
260 ## - PUBLICACION, DISTRIBUCION, ETC. (PIE DE IMPRENTA)
Lugar de publicación, distribución, etc. Englewood Cliffs, N.J. :
Nombre del editor, distribuidor, etc. Prentice-Hall,
Fecha de publicación, distribución, etc. 1971.
300 ## - DESCRIPCION FISICA
Extensión 934 páginas ;
Otros detalles físicos ilustraciones y mapas ;
Dimensiones 25 cm.
490 00 - MENCION DE SERIE
Mención de serie Biological science series
650 14 - ASIENTO SECUNDARIO DE MATERIA - TERMINO TEMATICO
Término temático o nombre geográfico como elemento de entrada Genética de población
9 (RLIN) 56049
650 24 - ASIENTO SECUNDARIO DE MATERIA - TERMINO TEMATICO
Término temático o nombre geográfico como elemento de entrada Bioología de población
9 (RLIN) 57601
650 24 - ASIENTO SECUNDARIO DE MATERIA - TERMINO TEMATICO
Término temático o nombre geográfico como elemento de entrada Ecología
9 (RLIN) 92250
700 1# - ASIENTO SECUNDARIO - NOMBRE PERSONAL
Nombre personal King, Charles Everett,
Fechas asociadas con el nombre 1934-
Término de relación Editor.
9 (RLIN) 57603
700 1# - ASIENTO SECUNDARIO - NOMBRE PERSONAL
Nombre personal Dawson, Peter S.,
Fechas asociadas con el nombre 1939-
Término de relación Editor.
9 (RLIN) 57604
942 ## - ELEMENTOS ADICIONALES (KOHA)
Sistema de clasificación Dewey Decimal Classification
Tipo de ítem Libro
Existencias
Withdrawn status Lost status Sistema de Clasificación Damaged status No para préstamo Colección Inventariado Ubicación Permanente Ubicación actual Fecha de adquisición Fuente de Valor Valor Total Checkouts Número topográfico Inventario / Código de Barras Date last seen Ejemplar Price effective from Forma de adquisición Tipo de material
    Dewey Decimal Classification     General Inventariado 2017 Bogotá Bogotá 17/11/2005 Iberlibro 40000.00   LB-577.88 R28r 022328 04/12/2012 Ej. 1 04/12/2012   Libro